Chargement en cours...
Karan chandra ki Sreshta kahani
| Auteur principal: | |
|---|---|
| Format: | Printed Book |
| Langue: | Hindi |
| Publié: |
Delhi :
Rajikamal Prakash ,
1960.
|
| LEADER | 00467cam a2200157ua 4500 | ||
|---|---|---|---|
| 041 | |a hin | ||
| 082 | |a 891.43 |b KAR/KA | ||
| 100 | |a Karan, Chandra . | ||
| 245 | |a Karan chandra ki Sreshta kahani | ||
| 260 | |a Delhi : |b Rajikamal Prakash , |c 1960. | ||
| 300 | |a 104 ; . | ||
| 504 | |||
| 541 | |e 1973 | ||
| 942 | |c BK | ||
| 999 | |c 31667 |d 31667 | ||
| 952 | |0 0 |1 0 |4 0 |6 891_430000000000000 |7 0 |9 41836 |a KAUAET |b KAUAET |d 2012-04-07 |m 0 |o 891.43 |p KAU_KCAET-1973 |r 2012-04-07 |w 2012-04-07 |y BK | ||